000 004470000a22001690004500
041 0 _aENG
082 0 4 _aG 266.381 R282n
100 1 _aRead, William R.
245 1 0 _aNew patterns of Church growth in Brazil / William R. Read
260 _aGrand Rapids, MI., USA : Eerdmans
300 _a240 Pag
001 7724
942 _cBK
999 _c37929
_d37929
336 _atexto
_btxt
_2rdacontent
337 _2rdamedia
_asin mediación
_bn
338 _2rdacarrier
_avolumen
_bnc